MARC

LEADER 00000nam0a2200000 4500
001 266511
005 20231101234015.0
020 |a RU  |b 86-91556 
035 |a (RuTPU)RU\TPU\book\289531 
090 |a 266511 
100 |a 20140710d1986 k y0rusy5003 ca 
101 0 |a rus 
102 |a RU 
105 |a y z 001zy 
200 1 |a Философские основания политико-правовых исследований  |f Д. А. Керимов 
210 |a Москва  |c Мысль  |d 1986 
215 |a 331 с. 
320 |a Указ. имен: с. 328-331 
606 1 |a Государство и право  |x Теория  |2 stltpush  |3 (RuTPU)RU\TPU\subj\8388  |9 35806 
610 1 |a философские проблемы 
610 1 |a политико-философские концепции 
610 1 |a политико-правовые концепции 
610 1 |a методология 
610 1 |a историческое познание 
610 1 |a логическое обоснование 
610 1 |a конкретное 
610 1 |a абстрактное 
610 1 |a теоретическое знание 
610 1 |a практика 
686 |a Х0  |2 rubbk 
700 1 |a Керимов  |b Д. А.  |g Джангир Абасович  |4 070 
801 0 |a RU  |b RuMRKP  |c 19950417  |g psbo 
801 1 |a RU  |b 63413507  |c 20140710 
801 2 |a RU  |b 63413507  |c 20170217  |g RCR 
942 |c BK